Februar-Ereignisse Quiz - Statistiken

Allgemein
  • Dieses Quiz wurde 2.258 mal gespielt
  • Das Durchschnittsergebnis liegt bei 18 aus 29
Antwortstatistiken
Datum Jahr Hinweis Antwort % Korrekt
4. Feb. 2004 Diese Website wird von Mark Zuckerberg gegründet Facebook
96%
15. Feb. 1965 Ein Ahornblatt-Design wird als Flagge dieses Landes angenommen Kanada
92%
8. Feb. 1950 Die Stasi, Geheimpolizei dieses Landes, wird gegründet Ostdeutschland
92%
18. Feb. 1930 Dieser Zwergplanet wird entdeckt Pluto
90%
27. Feb. 1933 Der Reichstag wird in dieser Stadt angezündet Berlin
88%
17. Feb. 2008 Dieses Land erklärt seine Unabhängigkeit von Serbien Kosovo
85%
23. Feb. 1455 Dieser Buchdrucker veröffentlicht seine ersten Bibeln Johannes Gutenberg
84%
10. Feb. 2005 Dieses Land verkündet, dass es Atomwaffen besitzt Nordkorea
83%
14. Feb. 1876 Alexander Graham Bell bewirbt sich um Patent für dieses Gerät das Telefon
82%
16. Feb. 1959 Dieser Revolutionär wird zum Anführer Kubas Fidel Castro
78%
26. Feb. 1815 Dieser berühmte Anführer flieht von Elba Napoleon Bonaparte
76%
5. Feb. 1939 Dieser generalísimo wird Diktator Spaniens Francisco Franco
73%
7. Feb. 2009 173 Leute werden durch Buschfeuer in diesem Land getötet Australien
70%
13. Feb. 1913 Der 13. Dalai Lama verkündet die Unabhängigkeit dieses Landes Tibet
69%
12. Feb. 1832 Dieses Land annektiert die Galápagos-Inseln Ecuador
66%
9. Feb. 1964 Diese Band tritt in der "Ed Sullivan Show" auf die Beatles
64%
21. Feb. 1848 Marx und Engels veröffentlichen dieses Manifest Das Kommunistische Manifest
58%
6. Feb. 1952 Dieser englische König stirbt Georg VI.
57%
1. Feb. 2004 Opfer des "Nipplegates" beim Super Bowl 2004 Janet Jackson
56%
20. Feb. 1938 Die Schweiz erhebt in einer Volksabstimmung diese Sprache zur Landessprache Rätoromanisch
51%
25. Feb. 1954 Gamal Abdel Nasser wird Premier dieses Landes Ägypten
49%
19. Feb. 1986 Die Sowjetunion schickt diese Raumstation ins All Mir
49%
22. Feb. 2011 Diese neuseeländische Stadt wird von einem tödlichen Erdbeben erschüttert Christchurch
48%
11. Feb. 1919 Er wird zum ersten Reichspräsidenten Deutschlands gewählt Friedrich Ebert
42%
28. Feb. 1991 Dieser Krieg kommt zu einem Ende Zweiter Golfkrieg
32%
2. Feb. 1922 "Ulysses", von diesem Autor, wird erstveröffentlicht James Joyce
31%
29. Feb. 2004 Jean-Bertrand Aristide wird als Oberhaupt dieses Landes abgesetzt Haiti
28%
24. Feb. 1989 Ajatollah Chomenei setzt ein Kopfgeld von einer Million auf den Tod dieses Autors aus Salman Rushdie
28%
3. Feb. 1959 Dieser Sänger stirbt in einem Flugzeugabsturz, zusammen mit Ritchie Valens und The Big Bopper Buddy Holly
23%
Keine übereinstimmenden Quizze gefunden
Verteilung der Resultate
Anzahl Personen mit jedem Resultat
Perzentil nach korrekt beantworteten Fragen
Ihre Resultats-Entwicklung
Sie haben dieses Quiz noch nicht gespielt